[Event "Staraya Mayna Sidorov Cup"]
[Site "Staraya Mayna"]
[Date "2018.07.10"]
[Round "1"]
[White "Abramov, Gordey P"]
[Black "Safin, Danis"]
[Result "0-1"]
[WhiteElo "1243"]
[BlackElo "1890"]
[PlyCount "56"]
[EventDate "2018.07.10"]
[EventType "swiss"]
[EventRounds "9"]
[EventCountry "RUS"]
[SourceTitle "EXT 2019"]
[Source "ChessBase"]
[SourceDate "2018.10.10"]
[SourceVersion "1"]
[SourceVersionDate "2018.10.10"]
[SourceQuality "1"]

1. c4 e5 2. Nc3 Nf6 3. g3 Bb4 4. Bg2 0-0 5. Nf3 Re8 6. 0-0 e4 7. Ng5 Bxc3 8. bxc3 Qe7 9. d3 exd3 10. exd3 Nc6 11. Bf4 d6 12. Re1 Qxe1+ 13. Qxe1 Rxe1+ 14. Rxe1 Bd7 15. d4 h6 16. Nf3 g5 17. Bd2 Na5 18. c5 Nc4 19. Bc1 dxc5 20. dxc5 Re8 21. Rd1 Bg4 22. Rd4 Bxf3 23. Bxf3 Re1+ 24. Kg2 Ne5 25. Bd2 Rg1+ 26. Kh3 Nxf3 27. Rd8+ Kg7 28. Rd3 g4# 0-1